Catálogo público

Rumbo al norte : (Record no. 219321)

MARC details
000 -CABECERA
campo de control de longitud fija 01109nam a22002897a 4500
003 - IDENTIFICADOR DEL NÚMERO DE CONTROL
campo de control OSt
005 - FECHA Y HORA DE LA ÚLTIMA TRANSACCIÓN
campo de control 20231103110203.0
008 - DATOS DE LONGITUD FIJA--INFORMACIÓN GENERAL
campo de control de longitud fija 231024s2021 mx ||||| |||| 001 0 spa d
020 ## - NÚMERO INTERNACIONAL ESTÁNDAR DEL LIBRO
Número Internacional Estándar del Libro 9786073049696
040 ## - FUENTE DE LA CATALOGACIÓN
Centro/agencia transcriptor CHAP
Normas de descripción rda
082 00 - NÚMERO DE LA CLASIFICACIÓN DECIMAL DEWEY
Número de edición 22
Número de clasificación 305.563097275
Número de documento/Ítem S66
100 1# - ENTRADA PRINCIPAL--NOMBRE DE PERSONA
9 (RLIN) 107404
Nombre de persona Sánchez Carrillo, Oscar
245 10 - MENCIÓN DE TÍTULO
Título Rumbo al norte :
Resto del título Narrativas de jornaleros choles tseltales en la migración de Chiapas a Sonora /
Mención de responsabilidad, etc. por Oscar Sánchez Carrillo
264 #1 - PRODUCCIÓN, PUBLICACIÓN, DISTRIBUCIÓN, FABRICACIÓN Y COPYRIGHT
Producción, publicación, distribución, fabricación y copyright México :
Nombre del de productor, editor, distribuidor, fabricante Universidad Nacional Autónoma de México,
Fecha de producción, publicación, distribución, fabricación o copyright 2021
300 ## - DESCRIPCIÓN FÍSICA
Extensión 288 páginas:
Otras características físicas cuadros.
336 ## - TIPO DE CONTENIDO
Fuente rdacontent
Término de tipo de contenido texto
Código de tipo de contenido txt
337 ## - TIPO DE MEDIO
Fuente rdamedia
Nombre/término del tipo de medio sin medio
Código del tipo de medio n
338 ## - TIPO DE SOPORTE
Fuente rdacarrier
Nombre/término del tipo de soporte volumen
Código del tipo de soporte nc
504 ## - NOTA DE BIBLIOGRAFÍA, ETC.
Nota de bibliografía, etc. Bibliografía páginas 281-288.
650 #4 - PUNTO DE ACCESO ADICIONAL DE MATERIA--TÉRMINO DE MATERIA
9 (RLIN) 187358
Término de materia o nombre geográfico como elemento de entrada Trabajadores agrícolas
Subdivisión general Condiciones económicas
Subdivisión geográfica Chiapas
650 #4 - PUNTO DE ACCESO ADICIONAL DE MATERIA--TÉRMINO DE MATERIA
9 (RLIN) 188198
Término de materia o nombre geográfico como elemento de entrada Trabajadores agrícolas
Subdivisión general Condiciones económicas
Subdivisión geográfica Sonora
650 #4 - PUNTO DE ACCESO ADICIONAL DE MATERIA--TÉRMINO DE MATERIA
9 (RLIN) 126745
Término de materia o nombre geográfico como elemento de entrada Trabajadores migrantes
Subdivisión general Calidad de vida
650 #4 - PUNTO DE ACCESO ADICIONAL DE MATERIA--TÉRMINO DE MATERIA
9 (RLIN) 188199
Término de materia o nombre geográfico como elemento de entrada Choles
Subdivisión general Condiciones económicas
650 #4 - PUNTO DE ACCESO ADICIONAL DE MATERIA--TÉRMINO DE MATERIA
9 (RLIN) 188200
Término de materia o nombre geográfico como elemento de entrada Tzeltales
Subdivisión general Condiciones económicas
942 ## - ELEMENTOS DE PUNTO DE ACCESO ADICIONAL (KOHA)
Fuente del sistema de clasificación o colocación Dewey Decimal Classification
942 ## - ELEMENTOS DE PUNTO DE ACCESO ADICIONAL (KOHA)
Tipo de ítem Koha Libro
Holdings
Estado de retiro Estado de pérdida Fuente del sistema de clasificación o colocación Estado dañado Restricciones de uso No para préstamo Código de colección Localización permanente Ubicación/localización actual Ubicación en estantería Fecha de adquisición Total de préstamos Signatura topográfica completa Código de barras Fecha visto por última vez Precio válido a partir de Tipo de ítem Koha Número de copia
    Dewey Decimal Classification   Préstamo 15 días   General Biblioteca Central Biblioteca Central Planta alta - Colección General 24/10/2023   305.563097275 S66 33724002583894 24/10/2023 24/10/2023 Libro  
    Dewey Decimal Classification   Préstamo 15 días   General Biblioteca Central Biblioteca Central Planta alta - Colección General 24/10/2023   305.563097275 S66 33724002583857 24/10/2023 24/10/2023 Libro c.2